000 01572pam a2200361 i 4500
001 4905289
003 EG-ScBUE
005 20250429112547.0
008 940324r19961994nyua f b 001 0 eng d
020 _a0750302674 (pbk.)
020 _a9780750302678
040 _aEG-ScBUE
_beng
_erda
_cEG-ScBUE
_dEG-ScBUE
082 0 4 _a530.142
_222
_bBAL
100 1 _aBailin, David,
_923058
_eauthor.
245 1 0 _aSupersymmetric gauge field theory and string theory /
_cDavid Bailin, physics and astronomy subject group, School of Mathematical and Physical Sciences, University of Sussex, Alexander Love, Department of Physics, Royal Holloway and Bedford New College, University of London.
250 _aReprinted with corrections edition.
264 1 _aNew York, N.Y. :
_bTailor & Francis Group,
_c1996.
300 _axii, 322 pages :
_billustrations ;
_c24 cm.
336 _2rdacontent
_atext
_btxt
337 _aunmediated
_2rdamedia
_bn
338 _avolume
_bnc
_2rdacarrier
490 0 _aGraduate student series in physics
500 _aIncludes Appendices.
504 _aIncludes bibliographical references and index.
650 7 _aSupersymmetry.
_923059
_2BUEsh
650 7 _aSupergravity.
_923060
_2BUEsh
650 7 _aSuperstring theories.
_923061
_2BUEsh
655 _vReading book
700 1 _aLove, Alexander,
_923062
_eauthor.
856 4 2 _3Publisher description
_uhttp://www.loc.gov/catdir/enhancements/fy0661/94010522-d.html
942 _2ddc
_cBB
999 _c15112
_d15112